| 000 | 00746nam a2200217 u 4500 | ||
|---|---|---|---|
| 005 | 20210223132109.0 | ||
| 008 | 130613s2006 mx r 000 0 spa d | ||
| 020 | _a9706601600 | ||
| 035 | _aUPN01000191577 | ||
| 049 | _aCG | ||
| 050 | 4 |
_aHM726 _bE3.8 |
|
| 245 | 0 | 0 |
_aEducación y fronteras generacionales : _bel vínculo conflictivo entre adolescentes y adultos / _ccoord. Miguel Angel Ramírez Jardines. |
| 260 |
_aCuliacán : _bUniversidad Autónoma de Sinaloa, _c2006. |
||
| 300 | _a238 p. | ||
| 650 | 4 |
_aRELACIONES INTERGENERACIONALES _917116 |
|
| 650 | 4 |
_aADOLESCENTES Y ADULTOS _921493 |
|
| 650 | 4 |
_aCONFLICTO ENTRE GENERACIONES _922700 |
|
| 700 | 1 |
_aRamírez Jardines, Miguel Angel, _ecoord. |
|
| 905 | _aLibro | ||
| 999 |
_c163680 _d163680 |
||